Music Quiz

Random Music or Song Quiz

7 to 1: Female Artists Top 5 Hits II Quiz Stats

 Plays Quiz Updated Apr 15, 2018

Challenge
Share
Tweet
Embed
Score 0/28 Timer 05:00
5 Plays Today
% Correct
I Will Always Love You
96%
I Wanna Dance with Somebody (Who Loves Me)
93.1%
Respect
90.7%
Wrecking Ball
89.3%
Call Me Maybe
86.2%
How Will I Know
81.8%
Party in the U.S.A.
80.5%
Saving All My Love for You
80%
If I Could Turn Back Time
79.5%
Chain of Fools
76.6%
Always Be My Baby
75.6%
If I Were a Boy
73.1%
Halo
71.3%
Believe
71%
% Correct
Gypsys, Tramps & Thieves
70.4%
Hero
66.6%
Freeway of Love
66.5%
Irreplaceable
65.3%
I'm Your Baby Tonight
64.1%
Dreamlover
63.8%
Fantasy
61%
So Emotional
57.4%
Emotions
56.2%
I Knew You Were Waiting (For Me)
54.1%
Spanish Harlem
51.9%
Exhale (Shoop Shoop)
48.3%
Check On It
43.9%
Day Dreaming
37.4%

You're not logged in!

Compare scores with friends on all Sporcle quizzes.
Join for Free
OR
Log In

You Might Also Like...

Show Comments

Extras

Top Quizzes Today


Score Distribution

Your Account Isn't Verified!

In order to create a playlist on Sporcle, you need to verify the email address you used during registration. Go to your Sporcle Settings to finish the process.

Report this User

Report this user for behavior that violates our Community Guidelines.

Details: